000
00222nam a2200097Ia 4500
005
20250603145445.0
008
250603s9999 xx 000 0 und d
245
0
_a
Oil and Gas Laws in Nigeria.
260
_c
2011
942
_c
BK
999
_c
41914
_d
41914